Normal view
MARC view
- NC Cheema Muhammad Hamza (TE-48)
Entry Personal Name
001 - CONTROL NUMBER
- control field: 132500
003 - CONTROL NUMBER IDENTIFIER
- control field: NUST
005 - DATE AND TIME OF LATEST TRANSACTION
- control field: 20251219142359.0
008 - FIXED-LENGTH DATA ELEMENTS
- fixed length control field: 251219|| aca||aabn | a|a d
040 ## - CATALOGING SOURCE
- Original cataloging agency: NUST
- Transcribing agency: NUST
100 ## - HEADING--PERSONAL NAME
- Personal name: NC Cheema Muhammad Hamza (TE-48)
670 ## - SOURCE DATA FOUND
- Source citation: Work cat.: (NUST)217257: NC Cheema Muhammad Hamza (TE-48), Traffic violation detection and notification system /, June-2015
